01024nam a22002895a 450000500170000000800410001701000240005802000260008202000230010803500230013103700150015403700120016904000180018108200110019910000230021024500970023326000460033027000630037630000370043950000470047650000200052354600300054365000260057365000450059965000390064465100510068320090720120736.0090211s2009 ii a b 001 0 eng d aENG-94476 B-425566 a9780195696592c625.00 a019569659Xc625.00 aEN-78009 B-425566 aDBAD / PUB aRBC/VEN adplbEnglish  a811.09 aLothspeich, Pamela aEpic nation :breimagining the Mahabharata in the age of the empire /cby Pamela Lothspeich. aNew Delhi bOxford University Pressc2009 aYMCA Library Building, Jai Singh Road, bNew Delhie110001 axii, 283 p. :bill. ;c23cm(Hb)  a"Revised and expanded dissertation"--Pref. aIncludes index. aIncludes verses in Hindi. aMahabarataxInfluence aHindi literaturexHistory and criticism. aNationalism and literaturezIndia. aIndiaxHistoryyBritish occupation, 1765-1947.